000 00374pab a2200157 454500
008 180718b2008 xxu||||| |||| 00| 0 eng d
100 _aRamanathan, Usha
245 _aOstensible poverty, beggary and the law
260 _c2008
300 _ap.33-44.
362 _a1 Nov
650 _aPoverty
773 _aEconomic and Political Weekly
908 _aN
909 _a80047
999 _c80047
_d80047